000 01131nam0a22002651 4500
001 rc\3357071
005 20130115152623.8
021 _aRU
_b[71-24178]
035 _a(NLR Aleph) 007524064
090 _a7734588
_c7734588
100 _a20130115d1970 |||y0rusy50 ca
101 0 _arus
102 _aRU
105 _ay z |||||
200 1 _aУчет коньячных виноматериалов, коньячных спиртов и коньяков в винодельческой промышленности
_eОбзор
_fЦентр. науч.-исслед. ин-т информации и техн.-экон. исследований пищевой пром-сти М-ва пищевой пром-сти СССР
210 _aМосква
_cБ. и.
_d1970
215 _a63 с.
_d20
300 _aНа обл. авт. не указан
606 _aКоньяки
_xПроизводство
_xУчет материалов
_2psbo
700 1 _aЛитвак
_bВ. С.
_gВладимир Самойлович
801 0 _aRU
_bNLR
_gpsbo
801 1 _aRU
_bELAR
_2rusmarc
852 _aNLR
_j71-4/7110
942 _cBOOK
980 _aNB